[Event "EYCC 2024 - O14"]
[Site "?"]
[Date "2024.08.29"]
[Round "7.9"]
[White "Marin Ferragut, Pau"]
[Black "Stefanovic, Bosko"]
[Result "1/2-1/2"]
[BlackElo "2112"]
[WhiteElo "2338"]
[LiveChessVersion "1.4.8"]

1. d4 {[%clk 1:30:47]} Nf6 {[%clk 1:30:42]} 2. c4 {[%clk 1:30:55]} e6
{[%clk 1:30:46]} 3. Nc3 {[%clk 1:30:48]} Bb4 {[%clk 1:29:52]} 4. e3
{[%clk 1:31:06]} O-O {[%clk 1:29:50]} 5. Bd3 {[%clk 1:30:38]} d5 {[%clk 1:29:38]}
6. Nf3 {[%clk 1:30:53]} b6 {[%clk 1:27:53]} 7. O-O {[%clk 1:30:19]} Bb7
{[%clk 1:21:16]} 8. cxd5 {[%clk 1:30:00]} exd5 {[%clk 1:21:20]} 9. Ne5
{[%clk 1:28:51]} Nbd7 {[%clk 1:20:46]} 10. f4 {[%clk 1:27:40]} c5 11. Qf3
{[%clk 1:25:06]} Bxc3 {[%clk 1:03:04]} 12. bxc3 {[%clk 1:25:34]} Ne4
{[%clk 1:03:23]} 13. Qh3 {[%clk 1:09:51]} Nxe5 {[%clk 0:54:30]} 14. fxe5
{[%clk 1:09:46]} Qc8 {[%clk 0:54:42]} 15. Qxc8 {[%clk 0:57:15]} Rfxc8
{[%clk 0:51:54]} 16. Bb2 {[%clk 0:56:22]} a5 {[%clk 0:43:29]} 17. Rfd1
{[%clk 0:53:22]} Ba6 {[%clk 0:34:06]} 18. Bxa6 {[%clk 0:47:04]} Rxa6
{[%clk 0:34:29]} 19. dxc5 {[%clk 0:47:30]} Rxc5 {[%clk 0:29:22]} 20. c4
{[%clk 0:47:59]} Rxc4 {[%clk 0:28:42]} 21. Rxd5 {[%clk 0:47:36]} Ra8
{[%clk 0:28:43]} 22. Rad1 {[%clk 0:42:00]} h6 {[%clk 0:27:58]} 23. Rd7
{[%clk 0:39:33]} Rc6 {[%clk 0:21:56]} 24. h3 {[%clk 0:34:49]} Nc5
{[%clk 0:14:45]} 25. R7d6 {[%clk 0:32:49]} Rac8 {[%clk 0:14:58]} 26. Rxc6
{[%clk 0:32:00]} Rxc6 {[%clk 0:15:25]} 27. Rd8+ {[%clk 0:32:17]} Kh7
{[%clk 0:15:54]} 28. Bd4 {[%clk 0:32:39]} Ne6 {[%clk 0:13:06]} 29. Rb8
{[%clk 0:31:41]} Rc2 {[%clk 0:12:42]} 30. a4 {[%clk 0:30:24]} Rc4
{[%clk 0:12:06]} 31. Bxb6 {[%clk 0:30:07]} Rxa4 {[%clk 0:12:28]} 32. Ra8
{[%clk 0:30:01]} Ra1+ {[%clk 0:12:35]} 33. Kh2 {[%clk 0:29:11]} a4
{[%clk 0:13:04]} 34. Bd4 {[%clk 0:29:41]} Ra3 {[%clk 0:11:45]} 35. Ra7
{[%clk 0:26:32]} Kg6 {[%clk 0:12:08]} 36. g4 {[%clk 0:26:16]} Ra2+
{[%clk 0:09:47]} 37. Kg3 {[%clk 0:26:19]} Ra3 {[%clk 0:10:10]} 38. Kg2
{[%clk 0:23:14]} Ra2+ {[%clk 0:10:15]} 39. Kg3 {[%clk 0:23:43]} 1/2-1/2

[Event "EYCC 2024 - O14"]
[Site "?"]
[Date "2024.08.29"]
[Round "7.10"]
[White "Khoury, Theo"]
[Black "Breuil, Virgile"]
[Result "1/2-1/2"]
[BlackElo "2251"]
[WhiteElo "2085"]
[LiveChessVersion "1.4.8"]

1. e4 {[%clk 1:30:54]} e5 {[%clk 1:30:50]} 2. Nf3 {[%clk 1:31:06]} Nc6
{[%clk 1:31:05]} 3. d4 {[%clk 1:31:29]} exd4 {[%clk 1:31:27]} 4. Nxd4
{[%clk 1:31:54]} Nf6 {[%clk 1:31:30]} 5. Nxc6 {[%clk 1:32:10]} bxc6
{[%clk 1:31:51]} 6. e5 {[%clk 1:32:35]} Qe7 {[%clk 1:32:05]} 7. Qe2
{[%clk 1:33:01]} Nd5 {[%clk 1:32:17]} 8. h4 {[%clk 1:33:27]} d6 {[%clk 1:32:08]}
9. c4 {[%clk 1:33:51]} Nb6 {[%clk 1:32:27]} 10. exd6 {[%clk 1:34:17]} cxd6
{[%clk 1:32:25]} 11. Be3 {[%clk 1:34:43]} d5 {[%clk 1:32:06]} 12. Nd2
{[%clk 1:35:08]} dxc4 {[%clk 1:27:50]} 13. g3 {[%clk 1:35:32]} Be6
{[%clk 1:26:43]} 14. Bg2 {[%clk 1:35:57]} Qc7 {[%clk 1:24:25]} 15. h5
{[%clk 1:36:25]} h6 {[%clk 1:20:50]} 16. Bh3 {[%clk 1:36:52]} Bxh3
{[%clk 1:02:22]} 17. Rxh3 {[%clk 1:30:30]} Be7 {[%clk 0:57:23]} 18. Nxc4
{[%clk 1:29:04]} O-O {[%clk 0:56:32]} 19. O-O-O {[%clk 1:20:04]} Rfe8
{[%clk 0:51:10]} 20. Qc2 {[%clk 1:07:46]} Nxc4 {[%clk 0:44:43]} 21. Qxc4
{[%clk 1:07:08]} Bf6 {[%clk 0:44:44]} 22. Rhh1 {[%clk 0:59:23]} Re6
{[%clk 0:35:22]} 23. Bd4 {[%clk 0:54:47]} Bxd4 {[%clk 0:31:09]} 24. Rxd4
{[%clk 0:53:38]} Rae8 {[%clk 0:30:59]} 25. Rhd1 {[%clk 0:53:24]} Qe7
{[%clk 0:29:39]} 26. f4 {[%clk 0:48:34]} Re1 {[%clk 0:28:02]} 27. Qc3
{[%clk 0:46:28]} Re3 {[%clk 0:25:53]} 28. R4d3 {[%clk 0:46:34]} Rxd3
{[%clk 0:25:45]} 29. Rxd3 {[%clk 0:45:54]} Qe4 {[%clk 0:25:03]} 30. Rd1
{[%clk 0:40:37]} Qf5 {[%clk 0:23:53]} 31. Re1 {[%clk 0:37:17]} Rxe1+
{[%clk 0:20:06]} 32. Qxe1 {[%clk 0:37:39]} Qc5+ {[%clk 0:19:18]} 33. Qc3
{[%clk 0:34:43]} Qg1+ {[%clk 0:18:09]} 34. Kc2 {[%clk 0:34:31]} c5
{[%clk 0:17:18]} 35. Qf3 {[%clk 0:34:10]} Qd4 {[%clk 0:16:05]} 36. Qa8+
{[%clk 0:32:10]} Kh7 {[%clk 0:16:27]} 37. Qxa7 {[%clk 0:32:04]} Qf2+
{[%clk 0:16:39]} 38. Kc1 {[%clk 0:32:28]} Qe1+ {[%clk 0:16:37]} 39. Kc2
{[%clk 0:32:51]} Qe2+ {[%clk 0:17:00]} 40. Kc1 {[%clk 0:33:07]} Qxh5
{[%clk 0:16:51]} 41. a4 {[%clk 0:32:06]} Qh1+ {[%clk 0:16:28]} 42. Kc2
{[%clk 0:32:30]} Qe4+ {[%clk 0:15:51]} 43. Kc1 {[%clk 0:32:19]} Qe1+
{[%clk 0:14:45]} 44. Kc2 {[%clk 0:32:45]} Qf2+ {[%clk 0:08:46]} 45. Kc1
{[%clk 0:33:03]} Qxg3 {[%clk 0:08:07]} 46. Qxf7 {[%clk 0:29:48]} Qe1+
{[%clk 0:08:09]} 47. Kc2 {[%clk 0:30:14]} Qe4+ {[%clk 0:08:33]} 48. Kc1
{[%clk 0:30:41]} c4 {[%clk 0:06:40]} 49. f5 {[%clk 0:28:52]} Qe1+
{[%clk 0:06:24]} 50. Kc2 {[%clk 0:29:12]} Qe2+ {[%clk 0:06:45]} 51. Kc1
{[%clk 0:29:05]} Qe3+ {[%clk 0:06:50]} 52. Kb1 {[%clk 0:29:06]} Qd3+
{[%clk 0:07:01]} 53. Kc1 {[%clk 0:29:23]} Qe3+ {[%clk 0:06:17]} 54. Kb1
{[%clk 0:29:46]} Qd3+ {[%clk 0:06:13]} 55. Kc1 {[%clk 0:30:06]} 1/2-1/2

[Event "EYCC 2024 - O14"]
[Site "?"]
[Date "2024.08.29"]
[Round "7.11"]
[White "Villa Tornero, Alex"]
[Black "Gubin, Dmitrii"]
[Result "0-1"]
[BlackElo "2084"]
[WhiteElo "2241"]
[LiveChessVersion "1.4.8"]

1. e4 {[%clk 1:30:36]} c5 {[%clk 1:30:27]} 2. Nf3 {[%clk 1:31:01]} Nc6
{[%clk 1:30:48]} 3. Bb5 {[%clk 1:31:27]} d6 {[%clk 1:31:09]} 4. O-O
{[%clk 1:31:50]} Bd7 {[%clk 1:31:33]} 5. Re1 {[%clk 1:32:15]} a6 {[%clk 1:31:58]}
6. Bc4 {[%clk 1:32:40]} b5 {[%clk 1:13:57]} 7. Bf1 {[%clk 1:33:09]} Bg4
{[%clk 1:09:05]} 8. c3 {[%clk 1:32:48]} e6 {[%clk 1:08:27]} 9. a4
{[%clk 1:33:00]} b4 {[%clk 1:07:34]} 10. h3 {[%clk 1:20:28]} Bxf3
{[%clk 1:05:13]} 11. Qxf3 {[%clk 1:20:43]} g6 {[%clk 0:49:56]} 12. d4
{[%clk 0:58:53]} cxd4 {[%clk 0:42:18]} 13. e5 {[%clk 0:59:07]} Nxe5
{[%clk 0:28:14]} 14. Qb7 {[%clk 0:58:59]} dxc3 {[%clk 0:18:12]} 15. Bxa6
{[%clk 0:54:27]} Bg7 {[%clk 0:16:24]} 16. Bb5+ {[%clk 0:53:34]} Kf8
{[%clk 0:15:42]} 17. bxc3 {[%clk 0:53:30]} Rb8 {[%clk 0:10:11]} 18. Qa7
{[%clk 0:46:41]} bxc3 {[%clk 0:06:14]} 19. Ra2 {[%clk 0:38:21]} Rc8
{[%clk 0:02:01]} 20. a5 {[%clk 0:30:13]} Ne7 {[%clk 0:01:48]} 21. a6
{[%clk 0:30:14]} Nd5 {[%clk 0:01:07]} 22. Kh1 {[%clk 0:19:25]} Ra8
{[%clk 0:00:38]} 23. Qd4 {[%clk 0:16:58]} Nf3 {[%clk 0:00:52]} 24. Qe4
{[%clk 0:16:09]} Nxe1 {[%clk 0:01:10]} 25. Bc6 {[%clk 0:16:33]} Ra7
{[%clk 0:00:37]} 26. Bxd5 {[%clk 0:14:41]} exd5 {[%clk 0:00:40]} 27. Qxe1
{[%clk 0:15:10]} Qc8 {[%clk 0:00:46]} 28. Bf4 {[%clk 0:14:49]} Rxa6
{[%clk 0:00:41]} 29. Rxa6 {[%clk 0:14:56]} Qxa6 {[%clk 0:01:08]} 30. Nxc3
{[%clk 0:15:25]} Qc6 {[%clk 0:00:44]} 31. Na2 {[%clk 0:14:31]} h5
{[%clk 0:00:38]} 32. Nb4 {[%clk 0:14:46]} Qb5 {[%clk 0:00:43]} 33. Bxd6+
{[%clk 0:14:20]} Kg8 {[%clk 0:01:08]} 34. Qe7 {[%clk 0:14:44]} d4
{[%clk 0:00:45]} 35. f4 {[%clk 0:10:52]} Qf5 {[%clk 0:00:38]} 36. Nc6
{[%clk 0:10:12]} Kh7 {[%clk 0:00:38]} 37. Ne5 {[%clk 0:08:55]} d3
{[%clk 0:00:35]} 38. Nf3 {[%clk 0:08:58]} Rc8 {[%clk 0:00:33]} 39. g4
{[%clk 0:09:07]} Qd5 {[%clk 0:00:44]} 40. Kg2 {[%clk 0:09:20]} d2
{[%clk 0:00:40]} 0-1

[Event "EYCC 2024 - O14"]
[Site "?"]
[Date "2024.08.29"]
[Round "7.12"]
[White "Boulos, Paul"]
[Black "Durucay, Uygar"]
[Result "0-1"]
[BlackElo "2234"]
[WhiteElo "2083"]
[LiveChessVersion "1.4.8"]

1. e4 {[%clk 1:30:55]} c6 {[%clk 1:30:34]} 2. d4 {[%clk 1:31:18]} d5
{[%clk 1:30:59]} 3. Nc3 {[%clk 1:31:38]} dxe4 {[%clk 1:31:23]} 4. Nxe4
{[%clk 1:32:03]} Nf6 {[%clk 1:31:46]} 5. Nxf6+ {[%clk 1:32:27]} exf6
{[%clk 1:32:11]} 6. Bc4 {[%clk 1:32:48]} Bd6 {[%clk 1:32:00]} 7. Qe2+
{[%clk 1:33:05]} Be7 {[%clk 1:31:23]} 8. Nf3 {[%clk 1:33:28]} O-O
{[%clk 1:30:41]} 9. O-O {[%clk 1:33:54]} Re8 {[%clk 1:29:45]} 10. Re1
{[%clk 1:33:39]} Nd7 {[%clk 1:29:48]} 11. h3 {[%clk 1:32:55]} Nf8
{[%clk 1:29:08]} 12. Bd3 {[%clk 1:29:34]} Be6 {[%clk 1:23:31]} 13. c4
{[%clk 1:21:19]} Qd7 {[%clk 1:19:40]} 14. Qf1 {[%clk 1:15:17]} Bd8
{[%clk 1:01:54]} 15. Be3 {[%clk 1:09:26]} Bc7 {[%clk 1:01:12]} 16. Red1
{[%clk 1:03:32]} Qd6 {[%clk 0:57:59]} 17. Rac1 {[%clk 0:56:16]} Rad8
{[%clk 0:54:21]} 18. d5 {[%clk 0:42:55]} Bc8 {[%clk 0:46:21]} 19. c5
{[%clk 0:38:49]} Qxd5 {[%clk 0:46:18]} 20. Bxh7+ {[%clk 0:36:38]} Kxh7
{[%clk 0:46:43]} 21. Rxd5 {[%clk 0:36:59]} Rxd5 {[%clk 0:47:12]} 22. Qc4
{[%clk 0:34:00]} Ng6 {[%clk 0:46:45]} 23. b4 {[%clk 0:31:33]} Red8
{[%clk 0:44:38]} 24. Re1 {[%clk 0:29:10]} Be6 {[%clk 0:42:33]} 25. Qe2
{[%clk 0:24:51]} Rd3 {[%clk 0:34:14]} 26. a4 {[%clk 0:16:47]} Ra3
{[%clk 0:31:30]} 27. Nd4 {[%clk 0:15:34]} Bd5 {[%clk 0:29:39]} 28. Qh5+
{[%clk 0:13:23]} Kg8 {[%clk 0:30:08]} 29. Nf5 {[%clk 0:09:37]} Be6
{[%clk 0:28:30]} 30. Nd4 {[%clk 0:06:18]} Bd5 {[%clk 0:28:59]} 31. Nf5
{[%clk 0:05:41]} Be6 {[%clk 0:29:28]} 32. Nd6 {[%clk 0:00:57]} Rxa4
{[%clk 0:27:27]} 33. Nxb7 {[%clk 0:01:12]} Rd5 {[%clk 0:27:29]} 34. Qf3
{[%clk 0:00:59]} Rxb4 {[%clk 0:26:37]} 35. Nd6 {[%clk 0:01:26]} a5
{[%clk 0:24:58]} 36. Qe2 {[%clk 0:01:21]} Ne5 {[%clk 0:21:16]} 37. Qa6
{[%clk 0:00:44]} Nd3 {[%clk 0:21:40]} 38. Ra1 {[%clk 0:00:33]} Nxc5
{[%clk 0:21:48]} 39. Bxc5 {[%clk 0:00:36]} Rxc5 {[%clk 0:21:53]} 40. Nb7
{[%clk 0:00:35]} Rcb5 {[%clk 0:22:02]} 41. Rc1 {[%clk 0:00:33]} Rxb7
{[%clk 0:21:11]} 42. Qxc6 {[%clk 0:01:00]} Bf4 {[%clk 0:18:45]} 43. Rd1
{[%clk 0:00:58]} Rb1 {[%clk 0:17:57]} 44. Qe8+ {[%clk 0:00:55]} Kh7
{[%clk 0:18:26]} 45. Qa4 {[%clk 0:01:15]} Bf5 {[%clk 0:16:58]} 46. Qxf4
{[%clk 0:01:03]} Rxd1+ {[%clk 0:17:23]} 47. Kh2 {[%clk 0:01:33]} Rd5
{[%clk 0:16:57]} 48. Qh4+ {[%clk 0:00:39]} Kg8 {[%clk 0:17:20]} 49. Qc4
{[%clk 0:00:50]} Be6 {[%clk 0:16:54]} 50. Qc6 {[%clk 0:00:36]} Rb2
{[%clk 0:17:14]} 51. Kg1 {[%clk 0:00:32]} Rd1+ {[%clk 0:17:29]} 52. Kh2
{[%clk 0:01:01]} Rdd2 {[%clk 0:17:36]} 53. Qa8+ {[%clk 0:01:18]} Kh7
{[%clk 0:18:04]} 54. Qe4+ {[%clk 0:01:25]} g6 {[%clk 0:18:20]} 0-1

[Event "EYCC 2024 - O14"]
[Site "?"]
[Date "2024.08.29"]
[Round "7.13"]
[White "Gkavardinas, Antonios"]
[Black "Ghazaryan, Narek E."]
[Result "1-0"]
[BlackElo "2057"]
[WhiteElo "2222"]
[LiveChessVersion "1.4.8"]

1. e4 {[%clk 1:30:56]} c5 {[%clk 1:30:53]} 2. Nf3 {[%clk 1:31:20]} d6
{[%clk 1:31:18]} 3. d4 {[%clk 1:31:45]} cxd4 {[%clk 1:31:43]} 4. Nxd4
{[%clk 1:32:10]} Nf6 {[%clk 1:32:09]} 5. Nc3 {[%clk 1:32:28]} a6 {[%clk 1:32:34]}
6. Be3 {[%clk 1:32:54]} e5 {[%clk 1:32:52]} 7. Nb3 {[%clk 1:33:17]} Be6
{[%clk 1:33:08]} 8. f3 {[%clk 1:33:41]} h5 {[%clk 1:33:33]} 9. Qd2
{[%clk 1:34:06]} Nbd7 {[%clk 1:33:40]} 10. Nd5 {[%clk 1:34:25]} Bxd5
{[%clk 1:33:15]} 11. exd5 {[%clk 1:34:54]} g6 {[%clk 1:32:32]} 12. O-O-O
{[%clk 1:35:17]} Nb6 {[%clk 1:32:21]} 13. Qa5 {[%clk 1:35:34]} Bh6
{[%clk 1:32:39]} 14. Bxh6 {[%clk 1:35:56]} Rxh6 {[%clk 1:33:05]} 15. Qd2
{[%clk 1:36:14]} Rh8 {[%clk 1:33:29]} 16. f4 {[%clk 1:35:50]} exf4
{[%clk 1:32:44]} 17. Qxf4 {[%clk 1:35:49]} Kf8 {[%clk 1:31:29]} 18. Bd3
{[%clk 1:35:23]} Kg7 {[%clk 1:29:57]} 19. Rhf1 {[%clk 1:32:09]} Re8
{[%clk 1:27:51]} 20. Nd4 {[%clk 1:28:51]} Re5 {[%clk 1:16:07]} 21. c4
{[%clk 1:18:49]} Rc8 {[%clk 1:10:25]} 22. Kb1 {[%clk 1:18:10]} Qe7
{[%clk 1:07:29]} 23. Nf3 {[%clk 1:12:10]} Nxc4 {[%clk 0:41:00]} 24. Rc1
{[%clk 1:06:57]} Nb6 {[%clk 0:40:25]} 25. Rxc8 {[%clk 1:05:19]} Nxc8
{[%clk 0:40:18]} 26. Nxe5 {[%clk 1:05:14]} dxe5 {[%clk 0:40:40]} 27. Qf2
{[%clk 1:00:49]} Nxd5 {[%clk 0:35:09]} 28. Be4 {[%clk 0:59:04]} Nf4
{[%clk 0:34:26]} 29. Qe3 {[%clk 0:57:11]} Nd6 {[%clk 0:11:09]} 30. Bxb7
{[%clk 0:54:27]} Nc4 {[%clk 0:11:25]} 31. Qc3 {[%clk 0:54:04]} Qxb7
{[%clk 0:09:21]} 32. Rxf4 {[%clk 0:51:54]} Na3+ {[%clk 0:09:46]} 33. Kc1
{[%clk 0:51:09]} f6 {[%clk 0:10:05]} 34. Rb4 {[%clk 0:50:55]} Nb5
{[%clk 0:10:25]} 35. a4 {[%clk 0:51:07]} 1-0

[Event "EYCC 2024 - O14"]
[Site "?"]
[Date "2024.08.29"]
[Round "7.14"]
[White "Auribault, Louis"]
[Black "Katsanis, Vasileios Dim"]
[Result "1/2-1/2"]
[BlackElo "2222"]
[WhiteElo "2081"]
[LiveChessVersion "1.4.8"]

1. Nf3 {[%clk 1:30:53]} d5 {[%clk 1:30:55]} 2. g3 {[%clk 1:31:18]} Nf6
{[%clk 1:31:21]} 3. Bg2 {[%clk 1:31:25]} c6 {[%clk 1:31:48]} 4. O-O
{[%clk 1:31:49]} Bg4 {[%clk 1:32:15]} 5. h3 {[%clk 1:32:15]} Bh5 {[%clk 1:32:33]}
6. d4 {[%clk 1:32:37]} Nbd7 {[%clk 1:32:35]} 7. c4 {[%clk 1:33:01]} e6
{[%clk 1:32:59]} 8. cxd5 {[%clk 1:32:57]} exd5 {[%clk 1:33:06]} 9. Ne5
{[%clk 1:32:22]} Bg6 {[%clk 1:28:34]} 10. Nc3 {[%clk 1:32:47]} Be7
{[%clk 1:06:21]} 11. f4 {[%clk 1:31:46]} Be4 {[%clk 1:06:12]} 12. Nxe4
{[%clk 1:31:55]} Nxe4 {[%clk 1:06:27]} 13. Bxe4 {[%clk 1:30:03]} dxe4
{[%clk 1:06:32]} 14. Qb3 {[%clk 1:30:22]} Nxe5 {[%clk 1:05:45]} 15. dxe5
{[%clk 1:30:37]} Qb6+ {[%clk 0:57:24]} 16. Be3 {[%clk 1:29:56]} Qxb3
{[%clk 0:55:44]} 17. axb3 {[%clk 1:29:44]} Kd7 {[%clk 0:40:33]} 18. Ra4
{[%clk 1:24:09]} f5 {[%clk 0:34:49]} 19. exf6 {[%clk 1:17:38]} Bxf6
{[%clk 0:35:18]} 20. Bd4 {[%clk 1:02:43]} Rhe8 {[%clk 0:33:53]} 21. Rd1
{[%clk 1:02:08]} Kc7 {[%clk 0:32:46]} 22. Bxf6 {[%clk 0:55:52]} gxf6
{[%clk 0:33:14]} 23. Rad4 {[%clk 0:56:14]} Re7 {[%clk 0:33:16]} 24. Rd6
{[%clk 0:56:30]} Rf8 {[%clk 0:33:27]} 25. g4 {[%clk 0:51:03]} h5 {[%clk 0:31:12]}
26. gxh5 {[%clk 0:47:47]} Rh7 {[%clk 0:30:37]} 27. Re6 {[%clk 0:47:10]} Rxh5
{[%clk 0:29:58]} 28. Re7+ {[%clk 0:47:35]} Kb6 {[%clk 0:30:18]} 29. Rdd7
{[%clk 0:47:01]} Rxh3 {[%clk 0:20:05]} 30. Rxb7+ {[%clk 0:47:27]} Kc5
{[%clk 0:20:26]} 31. Rxe4 {[%clk 0:47:13]} Kd5 {[%clk 0:19:58]} 32. Ree7
{[%clk 0:46:00]} Rg8+ {[%clk 0:18:31]} 33. Kf2 {[%clk 0:45:12]} Rg4
{[%clk 0:18:20]} 34. e3 {[%clk 0:40:59]} Rh2+ {[%clk 0:17:46]} 35. Kf3
{[%clk 0:41:27]} Rg1 {[%clk 0:17:53]} 36. Rbd7+ {[%clk 0:36:09]} Kc5
{[%clk 0:18:17]} 37. Ke4 {[%clk 0:35:49]} Rxb2 {[%clk 0:18:02]} 38. Rxa7
{[%clk 0:36:03]} Rxb3 {[%clk 0:18:08]} 39. Kf5 {[%clk 0:36:23]} Re1
{[%clk 0:15:05]} 40. e4 {[%clk 0:36:13]} Rf3 {[%clk 0:13:47]} 41. Ra2
{[%clk 0:27:01]} Ref1 {[%clk 0:13:36]} 42. Rc2+ {[%clk 0:27:27]} Kb6
{[%clk 0:12:29]} 43. Rb2+ {[%clk 0:27:00]} Kc5 {[%clk 0:12:36]} 44. Rc2+
{[%clk 0:26:57]} Kb6 {[%clk 0:13:04]} 45. Re6 {[%clk 0:25:36]} Rxf4+
{[%clk 0:13:26]} 46. Kg6 {[%clk 0:26:06]} Re1 {[%clk 0:12:34]} 47. Rexc6+
{[%clk 0:25:23]} Kb5 {[%clk 0:12:12]} 48. Rc8 {[%clk 0:24:34]} Rexe4
{[%clk 0:12:13]} 49. Rb8+ {[%clk 0:24:51]} Ka6 {[%clk 0:11:42]} 50. Rcb2
{[%clk 0:24:10]} Ka7 {[%clk 0:11:34]} 51. R2b7+ {[%clk 0:24:26]} Ka6
{[%clk 0:12:03]} 52. Rb1 {[%clk 0:24:55]} Ka7 {[%clk 0:12:19]} 53. R8b5
{[%clk 0:24:35]} Ra4 {[%clk 0:12:06]} 54. Rb7+ {[%clk 0:24:38]} Ka8
{[%clk 0:12:06]} 55. Rd7 {[%clk 0:19:28]} Rfb4 {[%clk 0:11:57]} 56. Re1
{[%clk 0:19:25]} Ra6 {[%clk 0:11:47]} 57. Re8+ {[%clk 0:19:46]} Rb8
{[%clk 0:12:15]} 58. Ree7 {[%clk 0:19:51]} Rf8 {[%clk 0:11:23]} 59. Kg7
{[%clk 0:19:47]} Rc8 {[%clk 0:11:40]} 60. Rf7 {[%clk 0:19:38]} Rb8
{[%clk 0:11:46]} 1/2-1/2

[Event "EYCC 2024 - O14"]
[Site "?"]
[Date "2024.08.29"]
[Round "7.15"]
[White "Sandmann, Villads Majvang"]
[Black "Federer, Colin"]
[Result "0-1"]
[BlackElo "2151"]
[WhiteElo "2068"]
[LiveChessVersion "1.4.8"]

1. d4 {[%clk 1:30:57]} d5 {[%clk 1:29:44]} 2. c4 {[%clk 1:31:20]} c6
{[%clk 1:29:58]} 3. Nc3 {[%clk 1:31:43]} dxc4 {[%clk 1:29:01]} 4. e3
{[%clk 1:31:46]} b5 {[%clk 1:28:39]} 5. a4 {[%clk 1:32:05]} b4 {[%clk 1:28:28]}
6. Ne4 {[%clk 1:32:20]} Qd5 {[%clk 1:28:26]} 7. Nd2 {[%clk 1:32:29]} c3
{[%clk 1:28:20]} 8. bxc3 {[%clk 1:32:50]} bxc3 {[%clk 1:28:46]} 9. Nb1
{[%clk 1:33:12]} Qa5 {[%clk 1:28:57]} 10. Qc2 {[%clk 1:33:32]} Na6
{[%clk 1:27:03]} 11. Qxc3 {[%clk 1:26:33]} Nb4 {[%clk 1:25:53]} 12. Bd2
{[%clk 1:14:45]} Rb8 {[%clk 1:19:06]} 13. e4 {[%clk 0:58:33]} Nf6
{[%clk 1:15:10]} 14. f3 {[%clk 0:56:40]} e6 {[%clk 1:07:43]} 15. Bc4
{[%clk 0:52:18]} Be7 {[%clk 1:02:04]} 16. Ne2 {[%clk 0:48:25]} O-O
{[%clk 1:00:35]} 17. O-O {[%clk 0:45:52]} c5 {[%clk 0:56:19]} 18. Be3
{[%clk 0:37:56]} Ba6 {[%clk 0:51:34]} 19. Bxa6 {[%clk 0:27:34]} Qxa6
{[%clk 0:51:29]} 20. Nf4 {[%clk 0:21:44]} cxd4 {[%clk 0:48:08]} 21. Bxd4
{[%clk 0:21:59]} Rfc8 {[%clk 0:47:52]} 22. Qd2 {[%clk 0:20:26]} e5
{[%clk 0:44:01]} 23. Bxe5 {[%clk 0:19:42]} Bc5+ {[%clk 0:43:55]} 24. Bd4
{[%clk 0:20:03]} Bxd4+ {[%clk 0:38:31]} 25. Qxd4 {[%clk 0:20:26]} Nc2
{[%clk 0:38:55]} 26. Qe5 {[%clk 0:20:27]} Re8 {[%clk 0:35:23]} 27. Qc3
{[%clk 0:19:45]} Qb6+ {[%clk 0:35:08]} 28. Kh1 {[%clk 0:20:09]} Rbc8
{[%clk 0:35:22]} 29. a5 {[%clk 0:18:52]} Qa6 {[%clk 0:35:31]} 0-1

[Event "EYCC 2024 - O14"]
[Site "?"]
[Date "2024.08.29"]
[Round "7.16"]
[White "Kviriashvili, Andria"]
[Black "Dumbelovic, Novak"]
[Result "1-0"]
[BlackElo "2144"]
[WhiteElo "1918"]
[LiveChessVersion "1.4.8"]

1. e4 {[%clk 1:30:58]} c5 {[%clk 1:30:42]} 2. c3 {[%clk 1:31:24]} d5
{[%clk 1:31:04]} 3. exd5 {[%clk 1:31:51]} Qxd5 {[%clk 1:31:25]} 4. d4
{[%clk 1:32:20]} Nf6 {[%clk 1:31:44]} 5. Nf3 {[%clk 1:32:45]} e6 {[%clk 1:32:09]}
6. Bd3 {[%clk 1:33:06]} Be7 {[%clk 1:32:33]} 7. O-O {[%clk 1:33:29]} O-O
{[%clk 1:32:57]} 8. Be3 {[%clk 1:33:54]} Rd8 {[%clk 1:32:58]} 9. Qe2
{[%clk 1:24:32]} Nc6 {[%clk 1:32:08]} 10. Bc4 {[%clk 1:22:41]} Qh5
{[%clk 1:31:31]} 11. dxc5 {[%clk 1:22:43]} Ng4 {[%clk 1:21:47]} 12. Bf4
{[%clk 1:20:28]} Bxc5 {[%clk 1:12:40]} 13. Nbd2 {[%clk 1:12:49]} Nf6
{[%clk 0:58:00]} 14. b4 {[%clk 0:54:08]} Be7 {[%clk 0:54:06]} 15. b5
{[%clk 0:51:32]} Na5 {[%clk 0:40:06]} 16. Bc7 {[%clk 0:50:51]} Nxc4
{[%clk 0:36:32]} 17. Bxd8 {[%clk 0:51:16]} Bxd8 {[%clk 0:35:50]} 18. Qxc4
{[%clk 0:49:07]} Bd7 {[%clk 0:35:52]} 19. a4 {[%clk 0:49:20]} Rc8
{[%clk 0:26:55]} 20. Qd4 {[%clk 0:42:45]} Bb6 {[%clk 0:23:50]} 21. Qe5
{[%clk 0:43:05]} Qh6 {[%clk 0:21:03]} 22. h3 {[%clk 0:39:31]} Bc7
{[%clk 0:18:43]} 23. Qg5 {[%clk 0:25:46]} Qxg5 {[%clk 0:17:21]} 24. Nxg5
{[%clk 0:26:13]} Bf4 {[%clk 0:17:27]} 25. Nge4 {[%clk 0:26:39]} Nxe4
{[%clk 0:13:18]} 26. Nxe4 {[%clk 0:26:41]} f5 {[%clk 0:13:23]} 27. Rfd1
{[%clk 0:27:06]} Rc7 {[%clk 0:11:27]} 28. Nc5 {[%clk 0:26:03]} Bc8
{[%clk 0:10:54]} 29. Nd3 {[%clk 0:24:34]} Bd6 {[%clk 0:10:40]} 30. f4
{[%clk 0:23:15]} Kf7 {[%clk 0:10:48]} 31. Rac1 {[%clk 0:22:17]} Ke7
{[%clk 0:09:00]} 32. c4 {[%clk 0:22:38]} b6 {[%clk 0:08:39]} 33. Rc2
{[%clk 0:20:51]} Bb7 {[%clk 0:08:46]} 34. Ne5 {[%clk 0:21:02]} Bc5+
{[%clk 0:06:27]} 35. Kf1 {[%clk 0:21:26]} Be3 {[%clk 0:05:11]} 36. g3
{[%clk 0:19:54]} g5 {[%clk 0:04:54]} 37. fxg5 {[%clk 0:13:21]} Bxg5
{[%clk 0:04:15]} 38. h4 {[%clk 0:13:09]} Bf6 {[%clk 0:03:20]} 39. Nd3
{[%clk 0:13:32]} Bf3 {[%clk 0:02:56]} 40. Rdd2 {[%clk 0:13:24]} Be4
{[%clk 0:03:11]} 41. Ke2 {[%clk 0:13:43]} Bd4 {[%clk 0:02:58]} 42. Rc1
{[%clk 0:13:58]} Bf6 {[%clk 0:02:22]} 43. Nf2 {[%clk 0:13:41]} Bb7
{[%clk 0:01:38]} 44. a5 {[%clk 0:13:20]} Be5 {[%clk 0:01:27]} 45. a6
{[%clk 0:13:20]} Ba8 {[%clk 0:01:25]} 46. Nd3 {[%clk 0:11:39]} Bxg3
{[%clk 0:00:39]} 47. Rg1 {[%clk 0:12:05]} f4 {[%clk 0:00:40]} 48. Nxf4
{[%clk 0:12:13]} Bxf4 {[%clk 0:00:32]} 49. Rg7+ {[%clk 0:12:40]} Kf6
{[%clk 0:00:36]} 50. Rxc7 {[%clk 0:13:07]} Bxc7 {[%clk 0:01:03]} 51. Rd7
{[%clk 0:13:33]} Bf4 {[%clk 0:00:41]} 52. Rxa7 {[%clk 0:13:40]} Be4
{[%clk 0:01:03]} 53. Rd7 {[%clk 0:13:28]} Ke5 {[%clk 0:00:37]} 54. a7
{[%clk 0:11:11]} h6 {[%clk 0:00:31]} 55. c5 {[%clk 0:11:04]} 1-0